[Event "37th World U20 ch"]
[Site "Kozhikode IND"]
[Date "1998.11.22"]
[Round "6.7"]
[White "Fedorchuk, Sergei"]
[Black "Mirzoev, Azer"]
[Result "1-0"]
[WhiteElo "2415"]
[BlackElo "2445"]
[EventDate "1998.11.17"]
[PlyCount "81"]

1.e4 e6 2.d4 d5 3.Nd2 dxe4 4.Nxe4 Nd7 5.Nf3 Ngf6 6.Nxf6+ Nxf6 7.Bg5 h6 8.
Bh4 c5 9.Bd3 cxd4 10.Nxd4 Bc5 11.Nf3 O-O 12.O-O b6 13.Qe2 Bb7 14.Rad1 Qc7 
15.Ne5 Rfd8 16.Kh1 Rd4 17.f4 Re8 18.b4 Bxb4 19.Bh7+ Nxh7 20.Rxd4 Bd6 21.
Rfd1 Bxe5 22.fxe5 Nf8 23.Rc4 Qb8 24.Rg4 Ng6 25.Bg3 Rc8 26.Rgd4 Nf8 27.h4 
Qc7 28.R1d2 Bd5 29.a4 Qc3 30.Kh2 Ng6 31.Qg4 Ne7 32.Bf4 Kf8 33.R4d3 Qc4 34.
Rd4 Qc3 35.Bg3 Rc5 36.Be1 Qa1 37.Rd1 Qa2 38.c4 Bc6 39.Rd8+ Be8 40.Qe4 Qxa4
41.Ra8 1-0

[Event "37th World U20 ch"]
[Site "Kozhikode IND"]
[Date "1998.11.22"]
[Round "6.8"]
[White "Nataf, Igor-Alexandre"]
[Black "Kidambi, Sundararajan"]
[Result "1-0"]
[WhiteElo "2485"]
[BlackElo "2285"]
[EventDate "1998.11.17"]
[PlyCount "83"]

1.e4 c5 2.Nf3 d6 3.d4 cxd4 4.Nxd4 Nf6 5.Nc3 e6 6.Bg5 Be7 7.Qd2 h6 8.Bh4 a6
9.O-O-O Qc7 10.Qe1 Nbd7 11.f4 b5 12.a3 Bb7 13.Bd3 O-O-O 14.Kb1 Nc5 15.b4 
Nxd3 16.cxd3 Kb8 17.Rc1 Qd7 18.Nb3 Rc8 19.Bf2 Ba8 20.h3 Bd8 21.Rc2 Qb7 22.
Qe3 Rc6 23.Qg3 Rg8 24.Bd4 Nd7 25.Rhc1 Bb6 26.Qh4 Bd8 27.Qg4 Bb6 28.f5 Ne5 
29.Qg3 Qc7 30.Ne2 Bxd4 31.Nexd4 Rxc2 32.Rxc2 Qd7 33.fxe6 fxe6 34.Nc5 dxc5 
35.Qxe5+ Qc7 36.Qxc7+ Kxc7 37.Nxe6+ Kd6 38.Nxc5 Ke5 39.Rf2 Kd4 40.Kc2 Bc6 
41.Kd2 Re8 42.Rf5 1-0

[Event "37th World U20 ch"]
[Site "Kozhikode IND"]
[Date "1998.11.22"]
[Round "6.9"]
[White "Herraiz Hidalgo, Herminio"]
[Black "Socko, Bartosz"]
[Result "0-1"]
[WhiteElo "2405"]
[BlackElo "2475"]
[EventDate "1998.11.17"]
[PlyCount "114"]

1.d4 Nf6 2.Nf3 g6 3.g3 Bg7 4.Bg2 O-O 5.O-O d6 6.a4 Nbd7 7.a5 a6 8.c4 e5 9.
d5 Ne8 10.Nc3 f5 11.Ng5 Ndf6 12.c5 Qe7 13.Qb3 Kh8 14.Ne6 Bxe6 15.Qxb7 Rd8 
16.dxe6 e4 17.Qxa6 dxc5 18.Qc6 Nd6 19.a6 Qxe6 20.a7 Ra8 21.Nb5 Qe8 22.Qxa8
Qxa8 23.Nxc7 Qb7 24.a8=Q Rxa8 25.Rxa8+ Ng8 26.Bf4 Nb5 27.Rd1 Nxc7 28.Rxg8+
Kxg8 29.Rd8+ Bf8 30.Rd7 Qxb2 31.Rxc7 Qf6 32.h4 Bd6 33.Bxd6 Qxd6 34.Rc8+ 
Kf7 35.e3 Ke6 36.Bf1 Qd5 37.Rc7 h6 38.Rg7 Kf6 39.Ra7 Ke5 40.Re7+ Kd6 41.
Ra7 Qg8 42.Be2 g5 43.Ra6+ Kd5 44.h5 Qg7 45.Kf1 Qf8 46.Ra4 f4 47.gxf4 gxf4 
48.f3 fxe3 49.Rxe4 Qf5 50.Bc4+ Kd6 51.Ke2 Qxh5 52.Kxe3 Qg5+ 53.Kf2 h5 54.
Be2 Kc6 55.Re6+ Kd5 56.Re4 Kd6 57.Kf1 Qg3 0-1

[Event "37th World U20 ch"]
[Site "Kozhikode IND"]
[Date "1998.11.22"]
[Round "6.11"]
[White "Ippolito, Dean"]
[Black "Aliev, Rasim"]
[Result "1/2-1/2"]
[WhiteElo "2430"]
[BlackElo "2295"]
[EventDate "1998.11.17"]
[PlyCount "96"]

1.d4 d5 2.c4 e6 3.Nf3 Nf6 4.g3 Be7 5.Bg2 O-O 6.O-O c6 7.Qb3 b6 8.Bg5 Nbd7 
9.Rd1 Ne4 10.Bxe7 Qxe7 11.Nc3 Nxc3 12.Qxc3 Ba6 13.Nd2 Rac8 14.e4 Rfd8 15.
c5 e5 16.dxe5 Nxc5 17.Qa3 Be2 18.Re1 Bb5 19.exd5 cxd5 20.Nb3 d4 21.Qb4 Qd7
22.Nxc5 bxc5 23.Qd2 c4 24.Rad1 Ba4 25.Rc1 c3 26.bxc3 dxc3 27.Qe3 c2 28.e6 
Qe7 29.exf7+ Qxf7 30.Bh3 Bd7 31.Bxd7 Rxd7 32.a4 h6 33.Kg2 Qd5+ 34.Qf3 Qc4 
35.Re2 Qxa4 36.Qf5 Qc6+ 37.f3 Rf7 38.Rexc2 Rxf5 39.Rxc6 Rxc6 40.Rxc6 a5 
41.Ra6 Rb5 42.g4 h5 43.Kg3 hxg4 44.fxg4 Kh7 45.h4 Rb3+ 46.Kf4 Rb4+ 47.Kg5 
Rb5+ 48.Kf4 Rb4+ 1/2-1/2

[Event "37th World U20 ch"]
[Site "Kozhikode IND"]
[Date "1998.11.22"]
[Round "6.12"]
[White "Khamrakulov, Ibragim"]
[Black "Blehm, Pawel"]
[Result "1/2-1/2"]
[WhiteElo "2315"]
[BlackElo "2420"]
[EventDate "1998.11.17"]
[PlyCount "86"]

1.e4 c5 2.c3 Nf6 3.e5 Nd5 4.Nf3 Nc6 5.d4 cxd4 6.cxd4 d6 7.Bc4 Nb6 8.Bb3 
dxe5 9.d5 Na5 10.Nc3 Nxb3 11.Qxb3 e6 12.Nxe5 exd5 13.Be3 Bd6 14.Qb5+ Kf8 
15.f4 Be6 16.O-O Kg8 17.Rad1 Bxe5 18.fxe5 h6 19.Kh1 Qc7 20.Bxb6 Qxb6 21.
Qxb6 axb6 22.Rf4 Kh7 23.Kg1 Rhc8 24.Rb4 Rc6 25.Kf2 Ra5 26.Rdd4 Kg6 27.g4 
Rac5 28.Ke3 Kg5 29.Ne2 Rc2 30.Ng1 Kg6 31.Nf3 Kh7 32.Rd2 R2c4 33.Rd4 Rc1 
34.g5 hxg5 35.Nxg5+ Kg6 36.Nf3 Kh7 37.Rb5 R1c4 38.a3 Kg8 39.Rxc4 dxc4 40.
Kd2 Rc5 41.Rxb6 Rd5+ 42.Ke1 Bg4 43.Kf2 c3 1/2-1/2

[Event "37th World U20 ch"]
[Site "Kozhikode IND"]
[Date "1998.11.22"]
[Round "6.13"]
[White "Salmensuu, Olli"]
[Black "Al-Rakib, Abdullah"]
[Result "0-1"]
[WhiteElo "2420"]
[BlackElo "2350"]
[EventDate "1998.11.17"]
[PlyCount "54"]

1.e4 c6 2.d4 d5 3.e5 Bf5 4.Nc3 Qb6 5.Bd3 Bxd3 6.Qxd3 e6 7.Nge2 Nd7 8.O-O 
Ne7 9.a4 c5 10.a5 Qa6 11.dxc5 Nxc5 12.Qf3 Nc6 13.Bf4 Nd7 14.Qg3 d4 15.Rfd1
dxc3 16.Nxc3 O-O-O 17.Ne4 h6 18.h4 Be7 19.Qxg7 Qc4 20.Re1 Nd4 21.Kh1 Ne2 
22.Qxf7 Bb4 23.Be3 Qxe4 24.Rxe2 Rhg8 25.Qf3 Qxh4+ 26.Qh3 Qc4 27.Qh5 Rg4 
0-1

[Event "37th World U20 ch"]
[Site "Kozhikode IND"]
[Date "1998.11.22"]
[Round "6.14"]
[White "Janz, Frerik"]
[Black "Satyapragyan, Swayangsu"]
[Result "1/2-1/2"]
[WhiteElo "2240"]
[BlackElo "2210"]
[EventDate "1998.11.17"]
[PlyCount "96"]

1.c4 Nf6 2.Nc3 g6 3.e4 d6 4.d4 Bg7 5.Bd3 O-O 6.Nge2 e5 7.d5 Nh5 8.O-O f5 
9.exf5 gxf5 10.f4 e4 11.Bc2 Nd7 12.Be3 Ndf6 13.h3 Rf7 14.Qd2 Bh6 15.Rf2 
Rg7 16.b4 Kh8 17.Bb3 Bd7 18.a4 a6 19.c5 Qe7 20.a5 Rg6 21.Ra2 Rag8 22.Nd1 
Qg7 23.Nd4 Rg3 24.c6 Rxh3 25.cxd7 Qg3 26.Nxf5 Qg6 27.d8=Q Rxd8 28.Nxh6 
Rh1+ 29.Kxh1 Ng3+ 30.Kg1 Qxh6 31.Rf3 Qh1+ 32.Kf2 Qf1+ 33.Kxg3 Rg8+ 34.Kh2 
Ng4+ 35.Kg3 exf3 36.Bd4+ Ne5+ 37.Kh2 fxg2 38.Bxe5+ dxe5 39.Qxg2 Qxf4+ 40.
Kg1 Qd4+ 41.Kh2 Rxg2+ 42.Rxg2 Qxb4 43.Ba2 h5 44.Nf2 Qf4+ 45.Kg1 Qc1+ 46.
Kh2 Qf4+ 47.Kg1 Qc1+ 48.Kh2 Qf4+ 1/2-1/2

[Event "37th World U20 ch"]
[Site "Kozhikode IND"]
[Date "1998.11.22"]
[Round "6.15"]
[White "Laxman, Rajaram"]
[Black "Neelotpal, Das"]
[Result "1-0"]
[WhiteElo "2225"]
[BlackElo "2405"]
[EventDate "1998.11.17"]
[PlyCount "165"]

1.d4 d5 2.c4 c6 3.Nc3 Nf6 4.Nf3 e6 5.g3 Nbd7 6.Bg2 dxc4 7.a4 Be7 8.O-O O-O
9.e4 e5 10.dxe5 Ng4 11.Bf4 Qa5 12.Qd4 Rd8 13.Qxc4 Ndxe5 14.Qe2 Be6 15.Nxe5
Nxe5 16.Nd5 cxd5 17.exd5 Bxd5 18.Qxe5 Bb4 19.Rfd1 Bxg2 20.Qxa5 Bxa5 21.
Kxg2 f6 22.Bd6 Rd7 23.Bc5 Rf7 24.Rd5 a6 25.Rad1 Rc8 26.b4 Bc7 27.Kf3 b6 
28.Be3 f5 29.Rd7 Re8 30.R1d5 g6 31.Bg5 Ref8 32.Be7 Re8 33.Bg5 Ref8 34.Ke2 
f4 35.Rxf7 Rxf7 36.gxf4 Bxf4 37.Bd8 Rb7 38.h3 b5 39.axb5 axb5 40.Kd3 Bh6 
41.Bf6 Bf8 42.Bc3 Kf7 43.f4 Rb6 44.Bd4 Rb7 45.Bc5 Bxc5 46.Rxc5 Ke6 47.Ke4 
Kd6 48.h4 Re7+ 49.Kf3 Rb7 50.Kg4 Ke6 51.Kg5 Kf7 52.h5 gxh5 53.f5 h4 54.
Kxh4 Kf6 55.Kg4 Rb6 56.Kf4 h5 57.Rc8 h4 58.Rh8 Rb7 59.Rh6+ Kg7 60.Rxh4 Rc7
61.Ke5 Rc1 62.f6+ Kf8 63.Rf4 Kf7 64.Rd4 Re1+ 65.Kd6 Kxf6 66.Rf4+ Kg6 67.
Kc5 Re5+ 68.Kb6 Kg7 69.Rf1 Kg6 70.Rc1 Kf6 71.Rc5 Re4 72.Kxb5 Ke6 73.Rc1 
Kd7 74.Ka5 Rd4 75.b5 Rd6 76.b6 Rd2 77.Ka6 Ra2+ 78.Kb7 Rb2 79.Ka7 Rd2 80.b7
Ra2+ 81.Kb8 Rb2 82.Rd1+ Ke7 83.Rd4 1-0

[Event "37th World U20 ch"]
[Site "Kozhikode IND"]
[Date "1998.11.22"]
[Round "6.17"]
[White "Turzo, Attila"]
[Black "Grotz, Harald"]
[Result "1/2-1/2"]
[WhiteElo "2345"]
[BlackElo "2225"]
[EventDate "1998.11.17"]
[PlyCount "75"]

1.e4 c5 2.Nf3 d6 3.d4 cxd4 4.Nxd4 Nf6 5.Nc3 Nc6 6.f3 e6 7.Be3 Be7 8.Qd2 a6
9.g4 O-O 10.O-O-O Qc7 11.h4 b5 12.Nxc6 Qxc6 13.Bd3 Rb8 14.Kb1 Nd7 15.g5 
Ne5 16.Qg2 Rd8 17.Bc1 a5 18.Rhe1 a4 19.Ne2 b4 20.Nd4 Qb7 21.Bf1 Nc6 22.f4 
Nxd4 23.Rxd4 e5 24.fxe5 dxe5 25.Rxd8+ Bxd8 26.Bc4 Qc7 27.Bd5 Rb6 28.Be3 
Rd6 29.c4 bxc3 30.Rc1 Rxd5 31.exd5 Bf5+ 32.Ka1 c2 33.Qd2 Qc4 34.h5 Be4 35.
d6 Bd5 36.b3 axb3 37.axb3 Qxb3 38.Rxc2 1/2-1/2

[Event "37th World U20 ch"]
[Site "Kozhikode IND"]
[Date "1998.11.22"]
[Round "6.18"]
[White "Janssen, Ruud"]
[Black "Radovanovic, Dusan"]
[Result "1-0"]
[WhiteElo "2345"]
[BlackElo "2225"]
[EventDate "1998.11.17"]
[PlyCount "71"]

1.Nf3 Nf6 2.c4 g6 3.Nc3 Bg7 4.e4 d6 5.d4 O-O 6.Be2 e5 7.O-O Nc6 8.d5 Ne7 
9.Nd2 a5 10.a3 Nd7 11.Rb1 f5 12.b4 Nf6 13.c5 axb4 14.axb4 Bh6 15.cxd6 cxd6
16.f3 Be3+ 17.Kh1 f4 18.Nc4 Bxc1 19.Rxc1 g5 20.Nb5 Ne8 21.Qe1 h5 22.Qf2 
Ra6 23.Ra1 Ng6 24.Rxa6 bxa6 25.Na7 Rf7 26.Nxc8 Qxc8 27.Qb6 Qb7 28.Qd8 Qd7 
29.Qxg5 Rg7 30.Na5 Ne7 31.Qh4 Qa4 32.Qe1 Nc7 33.Qc3 Qa2 34.Qxc7 Qxe2 35.
Rg1 Kf8 36.Qxd6 1-0

[Event "37th World U20 ch"]
[Site "Kozhikode IND"]
[Date "1998.11.22"]
[Round "6.19"]
[White "Hossain, Enamul"]
[Black "Sutkovic, Damir"]
[Result "0-1"]
[WhiteElo "2335"]
[BlackElo "2205"]
[EventDate "1998.11.17"]
[PlyCount "82"]

1.e4 c6 2.d4 d5 3.Nc3 dxe4 4.Nxe4 Nd7 5.Ng5 Nb6 6.N1f3 g6 7.h4 Bg7 8.c3 
Nh6 9.Bd2 Bf5 10.Qb3 O-O 11.h5 Qd5 12.c4 Qd7 13.c5 Nd5 14.Ne5 Qc8 15.hxg6 
hxg6 16.Qg3 f6 17.Ngf3 g5 18.Nc4 Qe6+ 19.Ne3 Nxe3 20.Bxe3 Rad8 21.Be2 Ng4 
22.Nd2 Nxe3 23.fxe3 Qd7 24.O-O-O b6 25.Nb3 Bg6 26.Bc4+ e6 27.Bd3 Bxd3 28.
Rxd3 Qd5 29.Rdd1 Rd7 30.Qh3 Qe4 31.Nd2 Qd5 32.Nb3 Qe4 33.Rd2 Rfd8 34.Rc2 
g4 35.Qg3 b5 36.Nd2 Qg6 37.Rc3 a5 38.Qf4 e5 39.Qe4 f5 40.Qc2 exd4 41.exd4 
Rxd4 0-1

[Event "37th World U20 ch"]
[Site "Kozhikode IND"]
[Date "1998.11.22"]
[Round "6.20"]
[White "Goldenberg, Danny"]
[Black "Bakre, Tejas"]
[Result "1/2-1/2"]
[WhiteElo "2325"]
[BlackElo "2290"]
[EventDate "1998.11.17"]
[PlyCount "43"]

1.e4 c5 2.Nf3 d6 3.d4 cxd4 4.Nxd4 Nf6 5.Nc3 Nc6 6.Bg5 e6 7.Qd2 a6 8.O-O-O 
Bd7 9.f4 b5 10.Qe1 Nxd4 11.Rxd4 Qb6 12.Rd2 b4 13.Nd1 Bc6 14.Bd3 Be7 15.Nf2
h6 16.Bh4 Qa5 17.Kb1 g5 18.fxg5 hxg5 19.Bg3 Nh5 20.Rf1 Nxg3 21.hxg3 Bf6 
22.Re2 1/2-1/2

[Event "37th World U20 ch"]
[Site "Kozhikode IND"]
[Date "1998.11.22"]
[Round "6.22"]
[White "Dervishi, Erald"]
[Black "Belmonte, Diego Mariano"]
[Result "1-0"]
[WhiteElo "2430"]
[BlackElo "2200"]
[EventDate "1998.11.17"]
[PlyCount "83"]

1.e4 e6 2.d4 d5 3.Nd2 Nf6 4.e5 Nfd7 5.Bd3 c5 6.c3 Nc6 7.Ne2 cxd4 8.cxd4 
Nb6 9.O-O Bd7 10.a3 a5 11.b3 a4 12.b4 Na7 13.Nc3 Be7 14.Qe2 Rc8 15.Bb2 Bc6
16.Rac1 O-O 17.Kh1 Qe8 18.f4 f5 19.exf6 Bxf6 20.Qe3 Kh8 21.Rce1 Bd7 22.Qh3
h6 23.f5 Rc6 24.Bb1 Qc8 25.b5 Rd6 26.Qg3 Qb8 27.fxe6 Bxe6 28.Nf3 Bg8 29.
Bc1 Qd8 30.Bf4 Rd7 31.Qg6 Nac8 32.Ne5 Rd6 33.Qh5 Bxe5 34.Bxe5 Rxf1+ 35.
Rxf1 Re6 36.Ne2 Qe8 37.Qg4 Qd7 38.Bf5 Qf7 39.Bxe6 Qxe6 40.Qxe6 Bxe6 41.
Rf8+ Bg8 42.Re8 1-0

[Event "37th World U20 ch"]
[Site "Kozhikode IND"]
[Date "1998.11.22"]
[Round "6.24"]
[White "Abbasov, Farid"]
[Black "Sandipan, Chanda"]
[Result "0-1"]
[WhiteElo "2290"]
[BlackElo "2305"]
[EventDate "1998.11.17"]
[PlyCount "104"]

1.e4 c5 2.c3 Nf6 3.e5 Nd5 4.d4 cxd4 5.Nf3 e6 6.cxd4 b6 7.Nc3 Nxc3 8.bxc3 
Qc7 9.Bd2 Bb7 10.Bd3 d6 11.O-O Nd7 12.Ng5 dxe5 13.Qh5 g6 14.Qh3 h6 15.Bxg6
hxg5 16.Qxh8 fxg6 17.Bxg5 Kf7 18.Qh7+ Bg7 19.Bh6 Rg8 20.Bxg7 Rxg7 21.Qh3 
e4 22.Qg3 Qxg3 23.hxg3 Rg8 24.f3 exf3 25.gxf3 Rc8 26.Rac1 Bd5 27.Kf2 Bxa2 
28.Rh1 Bd5 29.Rh7+ Ke8 30.Rg7 a5 31.Rxg6 Kf7 32.Rh6 Kg7 33.Rh4 Nf6 34.Ke3 
b5 35.Rhh1 a4 36.Rhf1 a3 37.Kd2 a2 38.Rc2 Rh8 39.Ke3 Bc4 40.Rg1 Nd5+ 41.
Ke4 Ra8 42.Ra1 Ra3 43.Ke5 Nxc3 44.Kd6 b4 45.Kc5 b3 46.Rd2 Bd5 47.Kb4 Nb1 
48.Rb2 Ra8 49.f4 Rb8+ 50.Ka4 Nc3+ 51.Ka5 Bc4 52.g4 Nd5 0-1

[Event "37th World U20 ch"]
[Site "Kozhikode IND"]
[Date "1998.11.22"]
[Round "6.25"]
[White "Panchanathan, Magesh Chandran"]
[Black "Stinis, Steven"]
[Result "1-0"]
[WhiteElo "2280"]
[BlackElo "2005"]
[EventDate "1998.11.17"]
[PlyCount "37"]

1.e4 d5 2.exd5 Nf6 3.c4 e6 4.dxe6 Bxe6 5.Nf3 c5 6.Be2 Nc6 7.O-O Bd6 8.b3 
Ng4 9.h3 Nge5 10.Bb2 Nxf3+ 11.Bxf3 Qg5 12.Nc3 O-O-O 13.Bxc6 bxc6 14.Qf3 
Kc7 15.Ne4 Qh6 16.Nxd6 Rxd6 17.Be5 Rd8 18.d4 cxd4 19.c5 1-0

[Event "37th World U20 ch"]
[Site "Kozhikode IND"]
[Date "1998.11.22"]
[Round "6.28"]
[White "Ramu, K."]
[Black "Karatekin, Tamer"]
[Result "1/2-1/2"]
[WhiteElo "2125"]
[BlackElo "2325"]
[EventDate "1998.11.17"]
[PlyCount "118"]

1.Nf3 Nf6 2.g3 g6 3.Bg2 Bg7 4.O-O O-O 5.d3 c5 6.e4 d6 7.Nbd2 Nc6 8.c3 e5 
9.a4 Rb8 10.Nc4 a6 11.a5 Be6 12.Nfd2 Ne8 13.f4 exf4 14.Rxf4 Ne5 15.Qe2 Bh6
16.Rf2 Nxc4 17.dxc4 Nf6 18.Rf1 Ng4 19.Nf3 Bxc1 20.Rfxc1 Ne5 21.Nxe5 dxe5 
22.Qf1 Qg5 23.Rd1 Qe3+ 24.Kh1 Kg7 25.Rd3 Qg5 26.Rd6 Rfd8 27.Qd3 Qe7 28.Rd1
Rxd6 29.Qxd6 Qxd6 30.Rxd6 Bxc4 31.Kg1 Be6 32.Rb6 Bd7 33.Bf1 Bc6 34.Bxa6 
Bxe4 35.Bc4 Rd8 36.Rb5 Rc8 37.Kf2 Kf8 38.Ke3 Bg2 39.Bd3 f5 40.Rb6 Ke7 41.
Bc4 Bc6 42.b4 cxb4 43.cxb4 g5 44.b5 f4+ 45.Kf2 Be4 46.Bb3 Rc3 47.Re6+ Kd7 
48.Rxe5 Rf3+ 49.Ke2 Re3+ 50.Kf2 Rf3+ 51.Ke2 Rxb3 52.Rxe4 Rxb5 53.Ra4 fxg3 
54.hxg3 Re5+ 55.Kf3 Kc6 56.Kg4 h6 57.Rb4 Kc7 58.Rb6 Re4+ 59.Kh5 Ra4 
1/2-1/2

[Event "37th World U20 ch"]
[Site "Kozhikode IND"]
[Date "1998.11.22"]
[Round "6.30"]
[White "Alvarez Marquez, Johan Carlos"]
[Black "Saurabh, Kherdekar"]
[Result "1-0"]
[WhiteElo "2200"]
[BlackElo "2265"]
[EventDate "1998.11.17"]
[PlyCount "95"]

1.d4 g6 2.c4 Bg7 3.Nf3 d6 4.Nc3 Nd7 5.Bg5 h6 6.Bh4 f5 7.e3 Ngf6 8.Qc2 O-O 
9.O-O-O c6 10.h3 Qe8 11.Be2 e5 12.Bg3 e4 13.Nd2 Qe7 14.Rhe1 d5 15.Qb3 dxc4
16.Nxc4 Qf7 17.Qa3 Kh8 18.Kb1 Nd5 19.Nxd5 Qxd5 20.Ne5 Nxe5 21.Bxe5 Be6 22.
f4 Qd7 23.Rg1 h5 24.Qc5 Qf7 25.a3 Rfd8 26.Bxg7+ Qxg7 27.g4 Rd5 28.Qc3 Qf7 
29.gxh5 gxh5 30.Bc4 Rg8 31.Bxd5 Bxd5 32.Qb4 b5 33.Qd6 Kh7 34.Rxg8 Qxg8 35.
Qe7+ Kh6 36.Qf6+ Qg6 37.Qh8+ Qh7 38.Qxh7+ Kxh7 39.Rg1 Be6 40.h4 Bf7 41.Rg5
Bg6 42.Kc2 Kg7 43.Kc3 a5 44.b4 a4 45.d5 cxd5 46.Kd4 Kf6 47.Kxd5 Bf7+ 48.
Kc5 1-0

[Event "37th World U20 ch"]
[Site "Kozhikode IND"]
[Date "1998.11.22"]
[Round "6.31"]
[White "Hansen, Torbjorn Ringdal"]
[Black "Medak, Bojan"]
[Result "1/2-1/2"]
[WhiteElo "2060"]
[BlackElo "2220"]
[EventDate "1998.11.17"]
[PlyCount "46"]

1.c4 e5 2.Nc3 Nc6 3.Nf3 Nf6 4.e3 d5 5.cxd5 Nxd5 6.Bb5 Nxc3 7.bxc3 Bd6 8.d4
exd4 9.cxd4 O-O 10.Bd2 Qf6 11.O-O Bg4 12.Be2 Rfe8 13.Re1 Ne7 14.Rb1 b6 15.
Bb4 c5 16.dxc5 bxc5 17.Bc3 Qh6 18.Ne5 Bf5 19.Rc1 Rad8 20.Qb3 Nd5 21.Nf3 
Be4 22.h3 Re6 23.Kf1 Rde8 1/2-1/2

[Event "37th World U20 ch"]
[Site "Kozhikode IND"]
[Date "1998.11.22"]
[Round "6.32"]
[White "Menon, R. Praveen"]
[Black "Beenish, Bhatia"]
[Result "0-1"]
[WhiteElo "2005"]
[BlackElo "2190"]
[EventDate "1998.11.17"]
[PlyCount "104"]

1.c4 b6 2.Nc3 e6 3.e4 Bb7 4.g3 f5 5.Bg2 Nf6 6.Qc2 Bb4 7.Nge2 O-O 8.O-O 
Bxc3 9.Nxc3 Nc6 10.d3 Nd4 11.Qd1 c5 12.Bg5 h6 13.Bxf6 Rxf6 14.f4 d6 15.Ne2
Qd7 16.Nxd4 cxd4 17.e5 dxe5 18.Bxb7 Qxb7 19.fxe5 Rf7 20.Qf3 Qxf3 21.Rxf3 
g5 22.b4 a5 23.b5 Rc8 24.a4 Kg7 25.Kg2 Kg6 26.h3 Rd8 27.Raf1 Rdf8 28.R3f2 
Rc8 29.Rc2 Rc5 30.Re2 Kg7 31.Rff2 Kf8 32.Rf1 h5 33.g4 Ke7 34.Kg3 Rc8 35.
Rc2 Rc5 36.Re2 Rc8 37.Rc2 hxg4 38.hxg4 f4+ 39.Kf3 Rh7 40.Rg1 Rh3+ 41.Ke4 
Re3+ 42.Kxd4 Rd8+ 43.Kc3 Rdxd3+ 44.Kb2 Rb3+ 45.Ka2 Ra3+ 46.Kb2 Reb3+ 47.
Kc1 Ra1+ 48.Kd2 Rxg1 49.c5 Rg2+ 50.Kc1 Rxc2+ 51.Kxc2 Rb4 52.cxb6 Kd7 0-1

[Event "37th World U20 ch"]
[Site "Kozhikode IND"]
[Date "1998.11.22"]
[Round "6.34"]
[White "Uberoi, Arjun"]
[Black "De Silva, Nirosh"]
[Result "1/2-1/2"]
[WhiteElo "2070"]
[BlackElo "2025"]
[EventDate "1998.11.17"]
[PlyCount "80"]

1.d4 Nf6 2.Nf3 e6 3.Bg5 h6 4.Bh4 c5 5.e3 cxd4 6.exd4 Be7 7.c4 O-O 8.Bd3 b6
9.O-O Bb7 10.Nc3 d6 11.Re1 Nc6 12.h3 Rc8 13.Rc1 Na5 14.b3 d5 15.cxd5 Bb4 
16.Bxf6 Qxf6 17.Ne4 Qd8 18.Rxc8 Bxc8 19.Re2 Qxd5 20.Rc2 Bb7 21.Ng3 f5 22.
Qc1 Qd6 23.Qb2 Rd8 24.Ne2 Bxf3 25.gxf3 Nc6 26.Bc4 Kf7 27.Kg2 Nxd4 28.Nxd4 
Qxd4 29.Qxd4 Rxd4 30.Re2 Rd6 31.Re3 Kf6 32.Rd3 Rxd3 33.Bxd3 Ba3 34.f4 e5 
35.fxe5+ Kxe5 36.Kf3 f4 37.h4 h5 38.Bg6 b5 39.Bxh5 b4 40.Be8 Bc1 1/2-1/2

[Event "37th World U20 ch"]
[Site "Kozhikode IND"]
[Date "1998.11.24"]
[Round "7.1"]
[White "Zhang Zhong"]
[Black "Sadvakasov, Darmen"]
[Result "0-1"]
[WhiteElo "2510"]
[BlackElo "2440"]
[EventDate "1998.11.17"]
[PlyCount "78"]

1.e4 c5 2.Nf3 d6 3.d4 cxd4 4.Nxd4 Nf6 5.Nc3 a6 6.Be3 e5 7.Nb3 Be6 8.f3 Nc6
9.Qe2 Na5 10.O-O-O Nc4 11.Bg5 Be7 12.g3 Rc8 13.h4 O-O 14.g4 b5 15.Bxf6 
Bxf6 16.g5 Be7 17.Bh3 Qd7 18.Bg4 Rc6 19.Nd5 Rfc8 20.Rhg1 Bd8 21.Kb1 a5 22.
Qg2 Kf8 23.h5 a4 24.g6 fxg6 25.hxg6 h6 26.Na1 Bg5 27.a3 Ne3 28.Nxe3 Bxe3 
29.Qh3 Bxg4 30.Rxg4 Kg8 31.c3 Qe6 32.Nc2 Rxc3 33.Nxe3 Rxe3 34.Rg3 Qc4 35.
Rgg1 Qc2+ 36.Ka1 Rxa3+ 37.bxa3 Qc3+ 38.Ka2 Qb3+ 39.Ka1 Rc2 0-1

[Event "37th World U20 ch"]
[Site "Kozhikode IND"]
[Date "1998.11.24"]
[Round "7.2"]
[White "Jenni, Florian"]
[Black "Banikas, Hristos"]
[Result "0-1"]
[WhiteElo "2430"]
[BlackElo "2490"]
[EventDate "1998.11.17"]
[PlyCount "78"]

1.e4 c5 2.c3 d5 3.exd5 Qxd5 4.d4 Nf6 5.Nf3 e6 6.Bd3 Bd7 7.O-O Bc6 8.Be3 
cxd4 9.Bxd4 Nbd7 10.Nbd2 Bc5 11.Nb3 Bd6 12.Re1 O-O 13.c4 Qh5 14.Ne5 Nxe5 
15.Qxh5 Nxh5 16.Bxe5 Bxe5 17.Rxe5 Nf4 18.Bf1 Rfd8 19.Re3 Rac8 20.Na5 Rd2 
21.Nxc6 Rxc6 22.g3 Ng6 23.Ra3 Rxb2 24.Rd1 a6 25.Rd8+ Nf8 26.Rb8 g5 27.Ra5 
h6 28.c5 Kg7 29.Rxa6 Rxc5 30.Ra7 Rc7 31.a4 Nd7 32.Rd8 Ne5 33.Ra5 Nf3+ 34.
Kg2 Rcc2 35.Kxf3 Rxf2+ 36.Ke3 Rxf1 37.h4 g4 38.Rb5 Rf3+ 39.Ke4 Re2+ 0-1

[Event "37th World U20 ch"]
[Site "Kozhikode IND"]
[Date "1998.11.24"]
[Round "7.4"]
[White "Florean, Andrei"]
[Black "Fedorchuk, Sergei"]
[Result "0-1"]
[WhiteElo "2450"]
[BlackElo "2415"]
[EventDate "1998.11.17"]
[PlyCount "80"]

1.d4 d5 2.c4 dxc4 3.Nc3 Nf6 4.Nf3 a6 5.e4 b5 6.e5 Nd5 7.a4 Bb7 8.e6 fxe6 
9.Ne5 Nxc3 10.bxc3 g6 11.axb5 axb5 12.Rxa8 Bxa8 13.Bxc4 bxc4 14.Qa4+ Bc6 
15.Nxc6 Qd7 16.Qa8 Qxc6 17.Qxb8+ Kf7 18.O-O Bg7 19.Qb4 Qd5 20.Bf4 Rc8 21.
Be3 e5 22.Rc1 Rd8 23.h3 Rd6 24.Qb8 exd4 25.cxd4 Rc6 26.Ra1 c3 27.Ra8 Kf6 
28.g4 c2 29.g5+ Kf5 30.Qc8+ e6 31.Ra1 Bxd4 32.Qf8+ Ke4 33.Re1 Bxe3 34.
Rxe3+ Kd4 35.Qf4+ Kc5 36.Re5 Kb6 37.Qb4+ Ka7 38.Qa4+ Ra6 39.Rxd5 Rxa4 40.
Rc5 Ra1+ 0-1

[Event "37th World U20 ch"]
[Site "Kozhikode IND"]
[Date "1998.11.24"]
[Round "7.5"]
[White "Socko, Bartosz"]
[Black "Dao Thien Hai"]
[Result "1/2-1/2"]
[WhiteElo "2475"]
[BlackElo "2580"]
[EventDate "1998.11.17"]
[PlyCount "96"]

1.e4 c5 2.Nf3 d6 3.d4 cxd4 4.Nxd4 Nf6 5.Nc3 a6 6.Be3 Qc7 7.f3 e6 8.g4 b5 
9.Qd2 Bb7 10.O-O-O Nc6 11.Kb1 Ne5 12.Rg1 Nc4 13.Bxc4 Qxc4 14.h4 Nd7 15.g5 
Rc8 16.h5 Nc5 17.g6 hxg6 18.hxg6 b4 19.gxf7+ Kxf7 20.Nce2 a5 21.Nf4 Rh7 
22.Qg2 e5 23.b3 Qc3 24.Nf5 exf4 25.Bd4 Nxe4 26.Bxc3 Nxc3+ 27.Ka1 Nxd1 28.
Qg6+ Kg8 29.Nh6+ Rxh6 30.Qxh6 Re8 31.Qg6 Re5 32.Rxd1 Bxf3 33.Rf1 Be4 34.
Qg4 g5 35.Kb1 Bg6 36.Qd1 Kf7 37.a3 a4 38.Ka2 axb3+ 39.cxb3 bxa3 40.Rf2 d5 
41.Qd4 Ke6 42.Rh2 Re4 43.Qb6+ Bd6 44.Rd2 f3 45.Qb7 d4 46.Qg7 Kf5 47.Qd7+ 
Ke5 48.Qg7+ Kf5 1/2-1/2

[Event "37th World U20 ch"]
[Site "Kozhikode IND"]
[Date "1998.11.24"]
[Round "7.7"]
[White "Al-Rakib, Abdullah"]
[Black "Laxman, Rajaram"]
[Result "0-1"]
[WhiteElo "2350"]
[BlackElo "2225"]
[EventDate "1998.11.17"]
[PlyCount "72"]

1.d4 f5 2.Nc3 Nf6 3.Bg5 g6 4.f3 c5 5.d5 Qb6 6.e4 fxe4 7.fxe4 d6 8.Bb5+ 
Nbd7 9.a4 a6 10.a5 Qc7 11.Be2 b5 12.axb6 Qxb6 13.Qc1 Bg7 14.Nf3 Rb8 15.Ra2
Qb4 16.Nd2 Ne5 17.h3 O-O 18.O-O h6 19.Be3 e6 20.dxe6 Bxe6 21.Rxa6 Rfd8 22.
Bf4 Nf7 23.Kh1 Qxb2 24.Qxb2 Rxb2 25.Bd3 Nh5 26.Nd5 Bxd5 27.exd5 Nxf4 28.
Rxf4 Ne5 29.Be4 Rb4 30.c3 Rb2 31.Nf3 Re2 32.Nxe5 Bxe5 33.Bd3 Re1+ 34.Rf1 
Rxf1+ 35.Bxf1 Bxc3 36.Bd3 Kg7 0-1

[Event "37th World U20 ch"]
[Site "Kozhikode IND"]
[Date "1998.11.24"]
[Round "7.8"]
[White "Soln, Primoz"]
[Black "Nataf, Igor-Alexandre"]
[Result "1/2-1/2"]
[WhiteElo "2470"]
[BlackElo "2485"]
[EventDate "1998.11.17"]
[PlyCount "20"]

1.d4 g6 2.c4 Bg7 3.e4 d6 4.Nc3 Nf6 5.Bd3 O-O 6.Nge2 Nc6 7.O-O Nh5 8.Bc2 e5
9.dxe5 dxe5 10.Qxd8 Rxd8 1/2-1/2

[Event "37th World U20 ch"]
[Site "Kozhikode IND"]
[Date "1998.11.24"]
[Round "7.9"]
[White "Mirzoev, Azer"]
[Black "Janz, Frerik"]
[Result "1-0"]
[WhiteElo "2445"]
[BlackElo "2240"]
[EventDate "1998.11.17"]
[PlyCount "57"]

1.d4 d5 2.c4 dxc4 3.Nf3 a6 4.e3 e6 5.Bxc4 Nf6 6.O-O c5 7.Re1 b5 8.Bd3 Bb7 
9.a4 b4 10.e4 cxd4 11.e5 Bxf3 12.Qxf3 Nd5 13.Nd2 Nd7 14.Nb3 Nc5 15.Nxc5 
Bxc5 16.Qg3 g6 17.Bh6 Bf8 18.Qh3 Qe7 19.Rad1 Bxh6 20.Qxh6 Qf8 21.Qc1 Kd7 
22.Qc4 Qc8 23.Qxd4 Rd8 24.Qh4 h5 25.Be4 Ke8 26.Bxd5 Rxd5 27.Rxd5 exd5 28.
e6 Ra7 29.Qf6 1-0

[Event "37th World U20 ch"]
[Site "Kozhikode IND"]
[Date "1998.11.24"]
[Round "7.10"]
[White "Aliev, Rasim"]
[Black "Kalod, Radek"]
[Result "1-0"]
[WhiteElo "2295"]
[BlackElo "2435"]
[EventDate "1998.11.17"]
[PlyCount "83"]

1.e4 c5 2.c3 d5 3.exd5 Qxd5 4.d4 Nc6 5.Nf3 Bg4 6.Be2 cxd4 7.cxd4 e6 8.h3 
Bh5 9.Nc3 Qd6 10.d5 exd5 11.O-O Nf6 12.Nb5 Qd7 13.Bf4 Rc8 14.Ne5 Nxe5 15.
Bxe5 Bxe2 16.Qxe2 Be7 17.Bxf6 gxf6 18.Rfe1 O-O 19.Qxe7 Qxb5 20.Qxf6 Rc6 
21.Qd4 Qc5 22.Qd2 d4 23.Rac1 Qd5 24.Rxc6 bxc6 25.Qf4 f6 26.Re7 Rf7 27.Re8+
Rf8 28.Re7 Rf7 29.Re8+ Rf8 30.Re4 c5 31.b4 d3 32.bxc5 d2 33.Qg4+ Kh8 34.
Rd4 Qxa2 35.Rd7 Qb1+ 36.Kh2 Qg6 37.Qf3 f5 38.c6 Rc8 39.Qc3+ Kg8 40.c7 Qg5 
41.Qc4+ Kh8 42.Qd4+ 1-0